[Event "NCA-chT 1st Stage"]
[Site "Managua"]
[Date "2021.09.25"]
[Round "1.2"]
[White "Picado, Rolando"]
[Black "Arana, Claudio"]
[Result "0-1"]
[WhiteElo "1840"]
[BlackElo "1844"]
[PlyCount "155"]
[EventDate "2021.09.25"]
[EventType "team-swiss"]
[EventRounds "9"]
[EventCountry "NCA"]
[SourceTitle "EXT 2023"]
[Source "ChessBase"]
[SourceDate "2022.10.05"]
[SourceVersion "1"]
[SourceVersionDate "2022.10.05"]
[SourceQuality "1"]
[WhiteTeam "Nicaragua CC"]
[BlackTeam "Sunrise CC"]
[WhiteTeamCountry "NCA"]
[BlackTeamCountry "NCA"]

1. d4 d6 2. e4 Nf6 3. Bd3 e5 4. dxe5 dxe5 5. Nf3 Nc6 6. a3 Bg4 7. Bg5 Qd7 8. Nbd2 Bd6 9. h3 Be6 10. Qe2 h6 11. Be3 a6 12. 0-0 Ne7 13. Rfd1 0-0 14. Nf1 b5 15. b4 c6 16. Ng3 Qc7 17. c4 Ng6 18. Qc2 Rfd8 19. Bf1 Rac8 20. Rac1 Qb7 21. c5 Bb8 22. Nf5 Bxf5 23. exf5 Ne7 24. Rd6 Rxd6 25. cxd6 Bxd6 26. g4 Ned5 27. Bg2 Nxe3 28. fxe3 Qb6 29. Kf2 Nd5 30. Qe4 Nf4 31. Bf1 Rc7 32. Nxe5 Bxe5 33. Qxe5 Nd5 34. Qd4 Qb8 35. Bg2 Re7 36. Bxd5 cxd5 37. Qf4 Qb6 38. Rc5 a5 39. Qd4 Qd6 40. Qf4 Qb6 41. Rxd5 axb4 42. axb4 Rc7 43. Qe4 Qf6 44. Qe8+ Kh7 45. Qd8 Rc2+ 46. Kf3 Qb2 47. Qe7 Rf2+ 48. Ke4 Qc2+ 49. Rd3 Qc6+ 50. Rd5 f6 51. Qc5 Qe8+ 52. Kd3 Qa8 53. Qxb5 Qa3+ 54. Ke4 Qc1 55. Rd3 Qh1+ 56. Kd4 Qxh3 57. Qe8 Qxg4+ 58. e4 Rxf5 59. Kc3 Re5 60. Qc6 Rxe4 61. Qc5 Re5 62. Qc6 Re4 63. Qc5 Re1 64. Kb3 Qe6+ 65. Rd5 Re3+ 66. Kc4 Qa6+ 67. Qb5 Qa2+ 68. Kc5 Rc3+ 69. Kd6 Qh2+ 70. Ke6 Qh3+ 71. Rf5 Qe3+ 72. Kd6 Qd4+ 73. Rd5 Qf4+ 74. Ke6 Qc7 75. Qe2 Qc8+ 76. Rd7 Qc6+ 77. Ke7 Rc4 78. Kd8 0-1

[Event "Managua Muniz Memorial 2nd"]
[Site "Managua"]
[Date "2019.04.07"]
[Round "5"]
[White "Salazar Cabezas, Alberto Javier"]
[Black "Arana, Claudio"]
[Result "1-0"]
[WhiteElo "1813"]
[BlackElo "1871"]
[PlyCount "59"]
[EventDate "2019.03.30"]
[EventType "tourn"]
[EventRounds "9"]
[EventCountry "NCA"]
[SourceTitle "CBM 190 Extra"]
[Source "ChessBase"]
[SourceDate "2019.07.15"]
[SourceVersion "1"]
[SourceVersionDate "2019.07.15"]
[SourceQuality "1"]

1. d4 Nf6 2. Bf4 d5 3. e3 Bf5 4. c4 c5 5. Nc3 cxd4 6. exd4 dxc4 7. Bxc4 e6 8. Nf3 Be7 9. Qb3 0-0 10. Qxb7 Nbd7 11. 0-0 Rc8 12. Ba6 Rxc3 13. bxc3 Be4 14. Qc7 Qa8 15. c4 Bxf3 16. gxf3 Qxf3 17. Bg3 Bd8 18. Qf4 Qa3 19. Bb5 Bb6 20. Qd6 Qf3 21. Bxd7 Rd8 22. Bc6 Qh5 23. Qe5 Qg6 24. Rfd1 h5 25. Kh1 Rc8 26. Bf3 Rxc4 27. Rac1 Bc7 28. Qe2 Rxc1 29. Rxc1 Bxg3 30. fxg3 1-0

[Event "Managua Muniz Memorial 2nd"]
[Site "Managua"]
[Date "2019.03.31"]
[Round "2"]
[White "Garcia, Antonio3333"]
[Black "Arana, Claudio"]
[Result "1-0"]
[WhiteElo "1853"]
[BlackElo "1871"]
[PlyCount "75"]
[EventDate "2019.03.30"]
[EventType "tourn"]
[EventRounds "9"]
[EventCountry "NCA"]
[SourceTitle "CBM 190 Extra"]
[Source "ChessBase"]
[SourceDate "2019.07.15"]
[SourceVersion "1"]
[SourceVersionDate "2019.07.15"]
[SourceQuality "1"]

1. c4 Nf6 2. Nc3 c5 3. Nf3 Nc6 4. d4 cxd4 5. Nxd4 Nxd4 6. Qxd4 g6 7. e4 Bg7 8. Be2 0-0 9. 0-0 d6 10. Qd3 Be6 11. Be3 a6 12. Rac1 Rc8 13. b3 Qa5 14. Bf3 Bg4 15. Nd5 Nxd5 16. Bxg4 Nxe3 17. Qxe3 Rcd8 18. Rc2 h5 19. Bf3 b6 20. Rd1 Qc5 21. Qc1 Bd4 22. Rd3 Bg7 23. g4 hxg4 24. Bxg4 Qe5 25. Qe3 f5 26. Bf3 fxe4 27. Bxe4 Rf4 28. Bd5+ e6 29. Bxe6+ Kf8 30. Qxb6 Qe1+ 31. Kg2 Bf6 32. Re3 Qd1 33. Rce2 Re8 34. a3 Be5 35. Bd7 Re7 36. Qd8+ Kf7 37. Bc6 Ra7 38. Rxe5 1-0